| 000 | 01045nam0a22002771 4500 | ||
|---|---|---|---|
| 001 | rc\4396442 | ||
| 005 | 20260408082811.0 | ||
| 021 |
_aRU _b[67-6427] |
||
| 035 | _a(NLR Aleph) 008556513 | ||
| 090 |
_a8439102 _c8439102 |
||
| 100 | _a20130416d1966 |||y0rusy50 ca | ||
| 101 | 0 | _arus | |
| 102 | _aRU | ||
| 105 | _ay z ||||| | ||
| 200 | 1 |
_aПрипосевное удобрение _fВыставка достижений нар. хоз-ва СССР. [Гл. упр. с.-х. науки и пропаганды] |
|
| 210 |
_a[Москва _cКолос _d1966] |
||
| 215 |
_a6 с. _d21 |
||
| 300 | _aАвт. указаны в вып. дан. | ||
| 606 |
_aУдобрения _2psbo |
||
| 700 | 1 |
_aДержавин _bЛ.М. _gЛеонид Михайлович |
|
| 712 | 0 | 1 |
_aСССР _bГлавное управление сельскохозяйственной пропаганды и науки _3RU\NLR\AUTH\8810153422 _9801990 |
| 801 | 0 |
_aRU _bNLR _gpsbo |
|
| 801 | 1 |
_aRU _bELAR _2rusmarc |
|
| 852 |
_aNLR _j67-6/2439 |
||
| 942 | _cBOOK | ||
| 980 | _aNB | ||